000
00239 a2200097 4500
001
42420
100
_a
Air Ministry
245
_a
Meteorological H/B for pilots navigators
260
_a
London
_b
Majesty's stat off
_c
090
_c
26343
_d
26343
942
_a
NUST-CAE
_c
M
_c
18162
999
_c
277493
_d
277493